000 00499nam a2200205Ia 4500
005 20240823053414.0
008 240823s9999||||xx |||||||||||||| ||und||
020 _a1-56308-892-4
041 _aENGLISH
082 _A025.2 P5
100 _aFrances C Wilkinson
245 0 _aAcquisitions Management
250 _a1st
260 _c2005
_b"Rain Tree,Ch"
_aChennai
500 _aYES
650 _aAcquisitions
_bManagement Studies
700 _a Linda K Lewis
942 _cBK
999 _c224083
_d224083